000 00754nam a2200217 i 4500
001 56545
003 ES-MaACL
005 20250728183209.0
007 t|
008 031010s1905 fr ||||1| fre d
080 _a820-311.31"18"
100 1 _aDickens, Charles.
_944489
245 1 3 _aLe mystère D'Edwin Drood /
_cCharles Dickens ; roman traduit de l'anglais par Charles Bernard Derosne.
260 _aParís :
_bHachette et Cie,
_c1905 (
_fCoulommiers, Paul Brodard)
300 _a324p. ;
_c19 cm.
490 1 _aBibliothèque des meilleurs romans étrangers
700 1 _aBernard-Derosne, Charles,
_d1825-1904
_928263
830 1 _aBibliothèque des meilleurs romans étrangers
_9182596
852 4 _aES-MaACL
_jC-2706
999 _c56545
_d56545